Truth of the matter / Jamie Beck.
Available copies
- 1 of 1 copy available at LARL/NWRL Consortium.
- 1 of 1 copy available at Northwest Regional Library. (Show preferred library)
Current holds
0 current holds with 1 total copy.
Show Only Available Copies
| Location | Call Number / Copy Notes | Barcode | Shelving Location | Status | Due Date |
|---|---|---|---|---|---|
| Red Lake Falls Public Library | BEC (Text) | 35500006305500 | Main | Available | - |
Record details
- ISBN: 1542008735
- ISBN: 9781542008730
- Physical Description: 317 pages ; 21 cm.
- Publisher: Seattle : Montlake Romance, [2020]
Content descriptions
| Summary, etc.: | Seventeen years ago, two pink stripes on a ... Read More |
Search for related items by subject
| Subject: | Mothers and daughters > Fiction. Family secrets > Fiction. Truthfulness and falsehood > Fiction. Trust > Fiction. Chesapeake Bay (Md. and Va.) > Fiction. |
| Genre: | Domestic fiction. |
Search for related items by series
| LDR | 02017cam a2200325Ki 4500 | ||
|---|---|---|---|
| 001 | 351664 | ||
| 003 | LARL_NWRL_CONSORTIUM | ||
| 005 | 20200922165516.0 | ||
| 008 | 200314s2020 wau 000 1 eng d | ||
| 020 | . | ‡a1542008735 | |
| 020 | . | ‡a9781542008730 | |
| 035 | . | ‡a(OCoLC)1144479241 | |
| 040 | . | ‡aYDX ‡beng ‡cYDX ‡dBDX ‡dOCLCQ ‡dOPW | |
| 100 | 1 | . | ‡aBeck, Jamie. |
| 245 | 1 | 0. | ‡aTruth of the matter / ‡cJamie Beck. |
| 264 | 1. | ‡aSeattle : ‡bMontlake Romance, ‡c[2020] | |
| 300 | . | ‡a317 pages ; ‡c21 cm. | |
| 336 | . | ‡atext ‡btxt ‡2rdacontent. | |
| 337 | . | ‡aunmediated ‡bn ‡2rdamedia. | |
| 338 | . | ‡avolume ‡bnc ‡2rdacarrier. | |
| 490 | 0 | . | ‡aPotomac Point ; ‡v2 |
| 520 | . | ‡aSeventeen years ago, two pink stripes on a pregnancy test changed Anne Sullivan's life. She abandoned her artistic ambitions, married her college sweetheart before graduation, and--like the mother she lost in childhood--devoted herself to her family. To say she didn't see the divorce coming is an understatement. Now, eager to distance herself from her ex and his lover, she moves with her troubled daughter, Katy, to the quaint bayside town of Potomac Point, where she spent her childhood summers. But her fresh start stalls when the contractor renovating her grandparents' old house discovers a vintage recipe box containing hints about her beloved grandmother's hidden past. Despite the need to move forward, Anne is drawn into exploring the mysterious clues about the woman she's always trusted. Gram's dementia is making that harder, and the stakes intensify when Katy's anxieties take an alarming turn. Amid the turmoil, uncovered secrets shatter past beliefs, forcing each woman to confront her deepest fears in order to save herself. | |
| 650 | 0. | ‡aMothers and daughters ‡vFiction. ‡0(LARL_NWRL_CONSORTIUM)166030 | |
| 650 | 0. | ‡aFamily secrets ‡vFiction. ‡0(LARL_NWRL_CONSORTIUM)164948 | |
| 650 | 0. | ‡aTruthfulness and falsehood ‡vFiction. ‡0(LARL_NWRL_CONSORTIUM)175419 | |
| 650 | 0. | ‡aTrust ‡vFiction. | |
| 651 | 0. | ‡aChesapeake Bay (Md. and Va.) ‡vFiction. | |
| 655 | 7. | ‡aDomestic fiction. ‡2lcgft. | |
| 901 | . | ‡a351664 ‡b ‡c351664 ‡tbiblio | |

Add to basket
Permalink
Disable Highlighting